[Event "ROM-ch U10 Girls"]
[Site "Voineasa"]
[Date "2008.04.17"]
[Round "8"]
[White "Horvath, Andreea"]
[Black "Leonte, Isabela Elena"]
[Result "1/2-1/2"]
[WhiteElo "401"]
[BlackElo "473"]
[PlyCount "43"]
[EventDate "2008.04.08"]
[EventType "swiss"]
[EventRounds "9"]
[EventCountry "ROU"]
[SourceTitle "EXT 2013"]
[Source "ChessBase"]
[SourceDate "2012.11.22"]
[SourceVersion "1"]
[SourceVersionDate "2012.11.22"]
[SourceQuality "1"]

1. e4 e5 2. Nf3 Nc6 3. d4 f6 4. d5 Nce7 5. Nc3 d6 6. Bc4 Ng6 7. 0-0 N8e7 8. Be3 f5 9. Bg5 f4 10. Re1 h6 11. Bxe7 Bxe7 12. Bb5+ Bd7 13. Qd3 c6 14. Ba4 Bh4 15. Nxh4 Nxh4 16. Kf1 Qg5 17. dxc6 Qxg2+ 18. Ke2 f3+ 19. Kd1 bxc6 20. Qxd6 Rc8 21. Nd5 Ng6 22. c3 1/2-1/2

[Event "ROM-ch U10 Girls"]
[Site "Voineasa"]
[Date "2008.04.16"]
[Round "7"]
[White "Leonte, Isabela Elena"]
[Black "Magdau, Iulia Mara"]
[Result "0-1"]
[WhiteElo "473"]
[BlackElo "401"]
[PlyCount "54"]
[EventDate "2008.04.08"]
[EventType "swiss"]
[EventRounds "9"]
[EventCountry "ROU"]
[SourceTitle "EXT 2013"]
[Source "ChessBase"]
[SourceDate "2012.11.22"]
[SourceVersion "1"]
[SourceVersionDate "2012.11.22"]
[SourceQuality "1"]

1. e4 e5 2. Nf3 Nc6 3. Bc4 Bc5 4. 0-0 d6 5. Nc3 Bg4 6. h3 h5 7. h4 Nd4 8. d3 Nxf3+ 9. gxf3 Bh3 10. Ne2 Qxh4 11. Be3 Bxe3 12. fxe3 Bxf1 13. Qxf1 Rh6 14. Qg2 Rg6 15. Ng3 Rxg3 16. Rd1 Rxg2+ 17. Kxg2 0-0-0 18. d4 Ne7 19. Bxf7 Rf8 20. Be6+ Kb8 21. dxe5 dxe5 22. Rd3 Qf6 23. Bf5 Nxf5 24. exf5 Qxf5 25. f4 Qg4+ 26. Kf2 exf4 27. e4 a6 0-1

[Event "ROM-ch U10 Girls"]
[Site "Voineasa"]
[Date "2008.04.15"]
[Round "6"]
[White "Leonte, Isabela Elena"]
[Black "Munteanu, Ariadna"]
[Result "0-1"]
[WhiteElo "473"]
[BlackElo "401"]
[PlyCount "124"]
[EventDate "2008.04.08"]
[EventType "swiss"]
[EventRounds "9"]
[EventCountry "ROU"]
[SourceTitle "EXT 2013"]
[Source "ChessBase"]
[SourceDate "2012.11.22"]
[SourceVersion "1"]
[SourceVersionDate "2012.11.22"]
[SourceQuality "1"]

1. e4 e5 2. Nf3 d6 3. Bc4 Nf6 4. 0-0 Bg4 5. Nc3 Be7 6. h3 Bxf3 7. Qxf3 Qd7 8. d3 Nc6 9. Rd1 Nd4 10. Qg3 Nxc2 11. Rb1 0-0-0 12. Rd2 Nb4 13. Qe3 d5 14. Qxa7 c6 15. Qa8+ Kc7 16. Qa3 Nxd3 17. Qb3 dxc4 18. Qxc4 Qe6 19. Nb5+ Kc8 20. Qa4 cxb5 21. Rc2+ Nc5 22. Qxb5 Qxa2 23. Kh2 Qxb1 24. Rc4 Nfxe4 25. Be3 Rd5 26. Qa5 Qd3 27. Qa8+ Kd7 28. Qxh8 Qxc4 29. Qxg7 Rd1 30. Qg4+ Qe6 31. Qxd1+ Kc7 32. f3 Ng5 33. g4 e4 34. f4 Nf3+ 35. Kg3 Bh4+ 36. Kg2 f5 37. Bxc5 fxg4 38. Bd6+ Kc8 39. Qc1+ Kd7 40. Qc7+ Ke8 41. Qb8+ Kd7 42. Qxb7+ Kxd6 43. Qb6+ Kd5 44. Qxe6+ Kxe6 45. hxg4 Ne1+ 46. Kh3 Bf6 47. f5+ Ke5 48. b4 Kd6 49. Kg3 Kc6 50. Kf4 Kb5 51. Kxe4 Kxb4 52. g5 Bxg5 53. Ke5 Nd3+ 54. Ke6 Nc5+ 55. Ke5 h5 56. f6 Bxf6+ 57. Kxf6 Ne4+ 58. Kg6 Ng3 59. Kh6 h4 60. Kg5 h3 61. Kh4 h2 62. Kxg3 h1Q 0-1